00460nam a2200133 a 450000100100000000500170001000800410002704000250006810000200009324500820011326000330019530000210022858600770024900003522020200930074203.0111026s1900 le a 000 0 spa d aDO-SdBNPbspacBNPHU1 aNelson, Ernesto10aPrimeros ensayos en la física y la química de Appleton /cErnesto Nelson. aLondon :bD. Ppleton,c1900. a215 p. ;c20 cm. aObra premiada en la expocisión universal de St. Louis (Estados Unidos)